[Event "Kstovo Kichigin Memorial op"]
[Site "Kstovo"]
[Date "2010.02.??"]
[Round "1"]
[White "Krivonogov, Alexander"]
[Black "Volkov, Ilya"]
[Result "1-0"]
[WhiteElo "2202"]
[BlackElo "2140"]
[PlyCount "55"]
[EventDate "2010.02.??"]
[EventType "swiss"]
[EventRounds "9"]
[EventCountry "RUS"]
[SourceTitle "EXT 2014"]
[Source "ChessBase"]
[SourceDate "2013.11.20"]
[SourceVersion "1"]
[SourceVersionDate "2013.11.20"]
[SourceQuality "1"]

1. Nf3 Nf6 2. g3 d5 3. Bg2 c6 4. 0-0 Bf5 5. d3 Nbd7 6. Nbd2 e5 7. Re1 Bd6 8. e4 Be6 9. c3 0-0 10. Qc2 Qc7 11. Nf1 Rfe8 12. h3 Rad8 13. g4 dxe4 14. dxe4 Nc5 15. b4 Ncd7 16. Be3 Nb6 17. Ng5 Bf8 18. Nxe6 fxe6 19. Nd2 c5 20. b5 Rd7 21. Bf1 Kh8 22. a4 Nc8 23. b6 Nxb6 24. Bb5 Red8 25. Bxd7 Rxd7 26. a5 Nc8 27. Nc4 Qc6 28. Nxe5 1-0

[Event "Kstovo Kichigin Memorial op"]
[Site "Kstovo"]
[Date "2010.02.??"]
[Round "6"]
[White "Tkachev, Viacheslav"]
[Black "Krivonogov, Alexander"]
[Result "0-1"]
[WhiteElo "2003"]
[BlackElo "2202"]
[PlyCount "78"]
[EventDate "2010.02.??"]
[EventType "swiss"]
[EventRounds "9"]
[EventCountry "RUS"]
[SourceTitle "EXT 2014"]
[Source "ChessBase"]
[SourceDate "2013.11.20"]
[SourceVersion "1"]
[SourceVersionDate "2013.11.20"]
[SourceQuality "1"]

1. c4 c5 2. Nf3 Nc6 3. g3 g6 4. Bg2 Bg7 5. Nc3 e6 6. d3 Nge7 7. Bg5 h6 8. Bd2 d5 9. Qc1 b6 10. 0-0 Bb7 11. h3 d4 12. Nd1 e5 13. Nh2 Qc7 14. a4 f5 15. f3 Nb4 16. a5 bxa5 17. Nf2 g5 18. Qd1 Bc6 19. e4 f4 20. gxf4 exf4 21. Be1 Ng6 22. Qe2 Be5 23. Nhg4 h5 24. Nxe5 Nxe5 25. Ra3 Bd7 26. Bd2 0-0 27. Rfa1 a4 28. Be1 Rab8 29. b3 axb3 30. Rxb3 a5 31. Rba3 a4 32. Nd1 g4 33. Nf2 Qd6 34. Rc1 Qf6 35. Kh1 g3 36. Nd1 Qh4 37. Kg1 Bxh3 38. Bxb4 Bxg2 39. Qxg2 Rxb4 0-1

[Event "Kstovo Kichigin Memorial op"]
[Site "Kstovo"]
[Date "2010.02.??"]
[Round "5"]
[White "Zaitsev, Dmitry A"]
[Black "Krivonogov, Alexander"]
[Result "0-1"]
[WhiteElo "2212"]
[BlackElo "2202"]
[PlyCount "62"]
[EventDate "2010.02.??"]
[EventType "swiss"]
[EventRounds "9"]
[EventCountry "RUS"]
[SourceTitle "EXT 2014"]
[Source "ChessBase"]
[SourceDate "2013.11.20"]
[SourceVersion "1"]
[SourceVersionDate "2013.11.20"]
[SourceQuality "1"]

1. Nf3 c5 2. g3 Nc6 3. d4 cxd4 4. Nxd4 g6 5. c4 Bg7 6. Nc2 Nf6 7. Bg2 0-0 8. 0-0 d6 9. Nc3 Ng4 10. e4 Nge5 11. Ne3 Na5 12. Qe2 Be6 13. Ncd5 Rc8 14. c5 dxc5 15. Rd1 Qe8 16. f4 Nec6 17. Qe1 b6 18. f5 Bxd5 19. Nxd5 Nd4 20. Rxd4 cxd4 21. Bg5 f6 22. Bd2 Nc4 23. fxg6 hxg6 24. Bb4 Rf7 25. Bh3 e6 26. Nf4 Rc6 27. Rc1 Ne5 28. Kg2 Rfc7 29. Bxe6+ Kh7 30. Rd1 Rxe6 31. Nxe6 Qxe6 0-1